00628nam a2200229Ia 4500003000900000008004100009040001300050040001300063041000800076100001700084100000900101245002200110250001200132260002100144260000900165300000800174490000800182490000600190942000700196999001300203952018200216IT-RoPAU120407s9999 xx 000 0 und d aIT-RoPAU cIT-RoPAU aita aHenri Rondet cs.j. aUnità€ in Cristo aMilano  aEdizioni Paoline c1954 c cm aVda v1 cBK c301d301 00102ddc406248_91200000000000071aPAULUSbPAULUSd2012-04-11l0o248.912r2012-04-11 00:00:00w2012-04-11yBKzInserito da: In data: n.d. fondo: Via A.Severo 56 Progr:36311